|
|
|
|
| LEADER |
03293nam a22006015i 4500 |
| 001 |
978-0-387-27615-1 |
| 003 |
DE-He213 |
| 005 |
20151204173926.0 |
| 007 |
cr nn 008mamaa |
| 008 |
100301s2005 xxu| s |||| 0|eng d |
| 020 |
|
|
|a 9780387276151
|9 978-0-387-27615-1
|
| 024 |
7 |
|
|a 10.1007/0-387-27615-7
|2 doi
|
| 040 |
|
|
|d GrThAP
|
| 050 |
|
4 |
|a TS155-TS194
|
| 072 |
|
7 |
|a KJMV
|2 bicssc
|
| 072 |
|
7 |
|a BUS087000
|2 bisacsh
|
| 082 |
0 |
4 |
|a 658.5
|2 23
|
| 100 |
1 |
|
|a Sethi, Suresh P.
|e author.
|
| 245 |
1 |
0 |
|a Average—Cost Control of Stochastic Manufacturing Systems
|h [electronic resource] /
|c by Suresh P. Sethi, Hanqin Zhang, Qing Zhang.
|
| 264 |
|
1 |
|a New York, NY :
|b Springer New York,
|c 2005.
|
| 300 |
|
|
|a XVI, 324 p.
|b online resource.
|
| 336 |
|
|
|a text
|b txt
|2 rdacontent
|
| 337 |
|
|
|a computer
|b c
|2 rdamedia
|
| 338 |
|
|
|a online resource
|b cr
|2 rdacarrier
|
| 347 |
|
|
|a text file
|b PDF
|2 rda
|
| 490 |
1 |
|
|a Stochastic Modelling and Applied Probability,
|x 0172-4568 ;
|v 54
|
| 505 |
0 |
|
|a and Models of Manufacturing Systems -- Concept of Near—Optimal Control -- Models of Manufacturing Systems -- Optimal Control of Manufacturing Systems: Existence and Characterization -- Optimal Control of Parallel—Machine Systems -- Optimal Control of Dynamic Flowshops -- Optimal Controls of Dynamic Jobshops -- Risk-Sensitive Control -- Near—Optimal Controls -- Near—Optimal Control of Parallel—Machine Systems -- Near—Optimal Control of Dynamic Flowshops -- Near—Optimal Controls of Dynamic Jobshops -- Near—Optimal Risk—Sensitive Control -- Conclusions -- Further Extensions and Open Research Problems.
|
| 520 |
|
|
|a This book is concerned with hierarchical control of manufacturing systems under uncertainty. It focuses on system performance measured in long-run average cost criteria, exploring the relationship between control problems with a discounted cost and that with a long-run average cost in connection with hierarchical control. A new theory is articulated that shows that hierarchical decision making in the context of a goal-seeking manufacturing system can lead to a near optimization of its objective. The approach in the book considers manufacturing systems in which events occur at different time scales. .
|
| 650 |
|
0 |
|a Business.
|
| 650 |
|
0 |
|a Leadership.
|
| 650 |
|
0 |
|a Production management.
|
| 650 |
|
0 |
|a Operations research.
|
| 650 |
|
0 |
|a Decision making.
|
| 650 |
|
0 |
|a Applied mathematics.
|
| 650 |
|
0 |
|a Engineering mathematics.
|
| 650 |
|
0 |
|a System theory.
|
| 650 |
|
0 |
|a Probabilities.
|
| 650 |
1 |
4 |
|a Business and Management.
|
| 650 |
2 |
4 |
|a Operations Management.
|
| 650 |
2 |
4 |
|a Business Strategy/Leadership.
|
| 650 |
2 |
4 |
|a Applications of Mathematics.
|
| 650 |
2 |
4 |
|a Systems Theory, Control.
|
| 650 |
2 |
4 |
|a Probability Theory and Stochastic Processes.
|
| 650 |
2 |
4 |
|a Operation Research/Decision Theory.
|
| 700 |
1 |
|
|a Zhang, Hanqin.
|e author.
|
| 700 |
1 |
|
|a Zhang, Qing.
|e author.
|
| 710 |
2 |
|
|a SpringerLink (Online service)
|
| 773 |
0 |
|
|t Springer eBooks
|
| 776 |
0 |
8 |
|i Printed edition:
|z 9780387219479
|
| 830 |
|
0 |
|a Stochastic Modelling and Applied Probability,
|x 0172-4568 ;
|v 54
|
| 856 |
4 |
0 |
|u http://dx.doi.org/10.1007/0-387-27615-7
|z Full Text via HEAL-Link
|
| 912 |
|
|
|a ZDB-2-SMA
|
| 950 |
|
|
|a Mathematics and Statistics (Springer-11649)
|